Škoda ako daňovo uznateľný výdavok

Dopad škody na daňový výdavok (náklad) daňovníka. Vymedzenie pojmu škody. Daňová účinnosť škôd. Škoda v dôsledku živelnej pohromy. Škody spôsobené podľa potvrdenia polície neznámym páchateľom. Škoda na daňovo odpisovanom majetku. Oprava poškodenej veci.

Enregistré dans:
Détails bibliographiques
Auteur principal: Fekete, Imrich
Format: Chapitre de livre
Langue:slovaque
Sujets:
Tags: Ajouter un tag
Pas de tags, Soyez le premier à ajouter un tag!

MARC

LEADER 00000naa a2200000 4500
001 r038341
005 20231003083855.6
041 0 |a slo 
044 |a SK 
245 1 0 |a Škoda ako daňovo uznateľný výdavok  |c Imrich Fekete 
520 |a Dopad škody na daňový výdavok (náklad) daňovníka. Vymedzenie pojmu škody. Daňová účinnosť škôd. Škoda v dôsledku živelnej pohromy. Škody spôsobené podľa potvrdenia polície neznámym páchateľom. Škoda na daňovo odpisovanom majetku. Oprava poškodenej veci. 
610 2 0 |a škody 
610 2 0 |a pojmy 
610 2 0 |a výdavky daňové 
610 2 0 |a dane 
610 2 0 |a náklady daňové 
610 2 0 |a odpisy daňové 
100 1 |a Fekete, Imrich